Organic chemistry (Record no. 259)

MARC details
000 -LEADER
Fixed length control field 00441nam a2200169 4500
003 - CONTROL NUMBER IDENTIFIER
Control field SEACOMEC
005 - DATE AND TIME OF LATEST TRANSACTION
Control field 20231031053113.0
008 - FIXED-LENGTH DATA ELEMENTS--GENERAL INFORMATION
Fixed length control field 231031b |||||||| |||| 00| 0 eng d
020 ## - INTERNATIONAL STANDARD BOOK NUMBER / ISBN
Price Rs.175.00
040 ## - CATALOGING SOURCE
Original cataloging agency SEACOMEC
082 1# - DEWEY DECIMAL CLASSIFICATION NUMBER
Classification number 547
Book Number M953
100 1# - MAIN ENTRY--PERSONAL NAME
Personal name Mukherji,S.M.
245 1# - TITLE STATEMENT
Title Organic chemistry
Statement of responsibility S.M. Mukherji,S.P. Singh,R.P. Kapbon
260 1# - IMPRINT
Place of publication New Delhi
Name of publisher New Age
650 ## - SUBJECT ADDED ENTRY--TOPICAL TERM
Topical term Natural sciences, Organic chemistry
942 ## - ADDED ENTRY ELEMENTS (KOHA)
Koha item type Books
Holdings
Withdrawn status Lost status Source of classification Damaged status Not for loan Home library Current library Date acquired Total Checkouts Call number Accession number Date last seen Copy number Price effective from Koha item type
    Dewey Decimal Classification     SEACOM ENGINEERING COLLEGE SEACOM ENGINEERING COLLEGE 01/06/2006   547 M953 00217 31/10/2023 5 31/10/2023 Books
    Dewey Decimal Classification     SEACOM ENGINEERING COLLEGE SEACOM ENGINEERING COLLEGE 01/06/2006   547 M953 00218 31/10/2023 6 31/10/2023 Books
    Dewey Decimal Classification     SEACOM ENGINEERING COLLEGE SEACOM ENGINEERING COLLEGE 01/06/2006   547 M953 00219 31/10/2023 7 31/10/2023 Books
    Dewey Decimal Classification     SEACOM ENGINEERING COLLEGE SEACOM ENGINEERING COLLEGE 01/06/2006   547 M953 00220 31/10/2023 8 31/10/2023 Books
    Dewey Decimal Classification     SEACOM ENGINEERING COLLEGE SEACOM ENGINEERING COLLEGE 01/06/2006   547 M953 00221 31/10/2023 9 31/10/2023 Books
© Seacom Engineering College, All rights reserved.      Powered by Koha